Analýza vplyvu vývoja reálnych výmenných kurzov významných svetových mien na vývoj reálnych výmenných kurzov mien krajín V4
Otestovanie platnosti zovšeobecnenej verzie parity kúpnej sily (GPPP - Generalized PPP). Teórie skúmajúce vývoj menového kurzu z dlhodobého hľadiska. Posúdenie platnosti PPP, vychádzajúc z testovania stacionarity reálneho výmenného kurzu. Využitie koncepcie kointegrácie pri analýze platnosti GPPP....
Saved in:
| Main Author: | |
|---|---|
| Format: | Book Chapter |
| Language: | Slovak |
| Subjects: | |
| Tags: |
No Tags, Be the first to tag this record!
|
MARC
| LEADER | 00000naa$a2200000$$$4500 | ||
|---|---|---|---|
| 001 | 0114775 | ||
| 005 | 20240502072300.8 | ||
| 041 | 0 | |a slo | |
| 044 | |a SK | ||
| 245 | 1 | 0 | |a Analýza vplyvu vývoja reálnych výmenných kurzov významných svetových mien na vývoj reálnych výmenných kurzov mien krajín V4 |c Michaela Chocholatá |
| 520 | |a Otestovanie platnosti zovšeobecnenej verzie parity kúpnej sily (GPPP - Generalized PPP). Teórie skúmajúce vývoj menového kurzu z dlhodobého hľadiska. Posúdenie platnosti PPP, vychádzajúc z testovania stacionarity reálneho výmenného kurzu. Využitie koncepcie kointegrácie pri analýze platnosti GPPP. Empirické výsledky a analýzy. | ||
| 610 | 2 | 0 | |a kurz výmenný |
| 610 | 2 | 0 | |a Vyšehradská štvorka |
| 610 | 2 | 0 | |a parita sily kúpnej |
| 610 | 2 | 0 | |a mena |
| 610 | 2 | 0 | |a analýza ekonometrická |
| 100 | 1 | |a Chocholatá, Michaela, 1977- | |